THE PROJECT OF TREES FRUIT STATION IN SEAMREAP,គម្រោងបង្កើតស្ថានីយ៍ពិសោធន៍ឈ់ហូបផ្លែនៅក្នុងខេត្តសៀមរាប (Record no. 254)

000 -LEADER
fixed length control field 00539nam a22001457a 4500
003 - CONTROL NUMBER IDENTIFIER
control field OSt
005 - DATE AND TIME OF LATEST TRANSACTION
control field 20150910163705.0
008 - FIXED-LENGTH DATA ELEMENTS--GENERAL INFORMATION
fixed length control field 150910b xxu||||| |||| 00| 0 eng d
040 ## - CATALOGING SOURCE
Transcribing agency RUA
100 ## - MAIN ENTRY--PERSONAL NAME
9 (RLIN) 274
Personal name អ៊ុច សុធី
245 ## - TITLE STATEMENT
Title THE PROJECT OF TREES FRUIT STATION IN SEAMREAP,គម្រោងបង្កើតស្ថានីយ៍ពិសោធន៍ឈ់ហូបផ្លែនៅក្នុងខេត្តសៀមរាប
260 ## - PUBLICATION, DISTRIBUTION, ETC. (IMPRINT)
Place of publication, distribution, etc. PHNOMPHEN
Name of publisher, distributor, etc. RUA
Date of publication, distribution, etc. 1995
300 ## - PHYSICAL DESCRIPTION
Extent 64P.
Other physical details ILL.
Dimensions 29CM.
942 ## - ADDED ENTRY ELEMENTS (KOHA)
Source of classification or shelving scheme
Koha item type AGR

No items available.

មជ្ឈមណ្ឌលឯការនៃសាកលវិទ្យាល័យភូមិន្ទកសិកម្មចំការដូង

Powered by Koha